Operational research quarterly

Na minha lista:
Detalhes bibliográficos
Formato: Periódico
Idioma:inglês
Publicado em: London Operational Research Society
Assuntos:
Tags: Adicionar Tag
Sem tags, seja o primeiro a adicionar uma tag!

MARC

LEADER 00000nas1a22000001 4500
001 s120988
005 20230608110620.1
041 0 |a eng 
044 |a GB 
245 1 0 |a Operational research quarterly 
264 1 |a London  |b Operational Research Society 
610 2 0 |a výskum operačný